000 00498nam a2200217Ia 4500
003 OSt
005 20221007083219.0
006 a|||||r|||| 00| 0
007 ta
008 221006b |||||||| |||| 00| 0 eng d
024 _a23,571
037 _cTextual
040 _aFLL
_cFLL
_beng
041 _2eng
_aeng
100 _aAnnakumar
_9700472
245 0 _aMuthupayal revised.
260 _c1973
300 _aP 273-77
_ccm.
942 _cTEXL
_2CC
999 _c1169241
_d1169241